| Record ID | ia:ledeclic0000mana |
| Source | Internet Archive |
| Download MARC XML | https://archive.org/download/ledeclic0000mana/ledeclic0000mana_marc.xml |
| Download MARC binary | https://www.archive.org/download/ledeclic0000mana/ledeclic0000mana_meta.mrc |
LEADER: 01300cam a2200385Ii 4500
001 14777106
005 20210112152312.0
008 850530s1984 fr a 6 000 1 fre
010 $a 85155424
035 $a(OCoLC)ocm17132107
040 $aDLC$beng$erda$cDLC$dQ3H$dOCLCQ$dLTSCA$dOCLCQ$dZCU
020 $a2226019693$q(hbk.)
020 $a9782226019691$q(hbk.)
035 $a(OCoLC)17132107
041 1 $afre$hita
050 4 $aPN6767.M36$bG5814 1984
050 00 $aMLCL 85/168 (P)
049 $aZCUA
100 1 $aManara, Milo,$eauthor,$eartist.
240 10 $aGiuoco.$lFrench
245 13 $aLe déclic /$cManara ; [traduction et adaptation, Margherita Giulia Mariano ; lettrage, Martine Segard].
246 1 $iSubtitle on cover:$aFemme sous influence
264 1 $aParis :$bAlbin Michel,$c[1984]
300 $a50 pages :$bchiefly illustrations ;$c33 cm
336 $astill image$bsti$2rdacontent
336 $atext$btxt$2rdacontent
337 $aunmediated$bn$2rdamedia
338 $avolume$bnc$2rdacarrier
490 0 $aL'Écho des savanes
655 7 $aGraphic novels.$2lcgft
655 7 $aErotic comics.$2lcgft
700 1 $aMariano, Margherita Giulia,$etranslator.
700 1 $aSegard, Martine.
852 00 $bgnc$hPN6767.M36$iG5814 1984g
541 1 $cGift;$aSam Viviano;$d2018.